000 00304 a2200121 4500
000 nam a22 7a 4500
005 20250924103633.0
020 _a9789004467958 (hbk)
100 _aEster Bianchi Ed.
_9846373
245 _aSino-Tibetan Buddhism across the ages
260 _bBRILL
_c2021
942 _cTB
999 _c1463925
_d1463925